000 00372pam a2200157 a 4500
020 _a0340806915
_c
041 _h
082 _a618.1
_bBHA
100 _aBHATLA, N .
245 _aJEFFCOATE`S PRINCIPLES OF GYNAECOLOGY /
_hTextual Documents
250 _a6 ED.
260 _a[s.l]:
_bARNOLD , ,
_c2001.
300 _a808 ; :
_eHB.
930 _a98
999 _c794637
_d794637
650 _aOBST.GYNE